000 00785nam a2200253 i 4500
003 DO-SdBNP
005 20230523150826.0
007 ta
008 230523b1957 mx ||||| |||| 00| 0 spa d
040 _aDO-SdBNP
_bspa
_cBNPHU
_erda
082 4 _222
_bA545h
_a22
100 1 _aAnderson Imbert, Enrique,
_d1910-2000
_914134
245 1 0 _aHistoria de la literatura hispanoamerica II /
_cEnrique Anderson Imbert /.
250 _a2a ed revisada y aumentada
264 _aMéxico :
_bFondo de Cultura Económica,
_c1957.
300 _a509 páginas ;
_c17 cm.
336 _2rdacontent
_atexto
_btxt
337 _2rdamedia
_asin mediación
_bn
338 _2rdacarrier
_avolumen
_bnc
490 _aBreviarios
_v89
590 _aInventariado, 2023/BT
910 _aBtavárez
942 _2ddc
_cLBS1
999 _c53597
_d53597